Online Catalogue and eLibrary

The JVP insurgency of 1971 : (Record no. 2395)

MARC details
000 -LEADER
fixed length control field 00278nam a2200097Ia 4500
008 - FIXED-LENGTH DATA ELEMENTS--GENERAL INFORMATION
fixed length control field 240331s9999 xx 000 0 und d
082 ## - DDC Classification
Item Number - Author Mark NAD
100 ## - MAIN ENTRY--PERSONAL NAME
Personal name Nadesan, S
245 #4 - TITLE STATEMENT
Title The JVP insurgency of 1971 :
Remainder of title a speech made in the Ceylon senate on 14th and 15th May 1971
942 ## - Koha item type (Biblio)
Koha item type Books in Stacks (Lending)
Holdings
Lost status Damaged status Collection code Home library Current library Shelving location Date acquired Full call number Accession Number Item type
    Lending WERC Library WERC Library Social Science Cupboard 03/31/2024 322 NAD 506 Books in Stacks (Lending)

© WERC Library